Bavleche Ger (Record no. 241505)

MARC details
000 -LEADER
fixed length control field 00779nam a22002417a 4500
005 - DATE AND TIME OF LATEST TRANSACTION
control field 20260618095649.0
008 - FIXED-LENGTH DATA ELEMENTS--GENERAL INFORMATION
fixed length control field 260615b |||||||| |||| 00| 0 eng d
020 ## - INTERNATIONAL STANDARD BOOK NUMBER
International Standard Book Number 9788199447011
040 ## - CATALOGING SOURCE
Transcribing agency AL
041 ## - LANGUAGE CODE
Language code of text/sound track or separate title Konkani
082 ## - DEWEY DECIMAL CLASSIFICATION NUMBER
Classification number 891.462
Item number IBSB
100 ## - MAIN ENTRY--PERSONAL NAME
Personal name Henrik Ibsen
100 ## - MAIN ENTRY--PERSONAL NAME
9 (RLIN) 265717
100 ## - MAIN ENTRY--PERSONAL NAME
9 (RLIN) 265684
Dates associated with a name ಹೆನ್ರಿಕ್ ಇಬ್ಸೆನ್
245 ## - TITLE STATEMENT
Title Bavleche Ger
Remainder of title ಬಾವ್ಲೆಚೆಂ ಘರ್
260 ## - PUBLICATION, DISTRIBUTION, ETC.
Place of publication, distribution, etc. Mangalore
Name of publisher, distributor, etc. Karnataka Konkani Sahithya Academy
Date of publication, distribution, etc. 2025
300 ## - PHYSICAL DESCRIPTION
Extent viii,128p.
Other physical details PB
Dimensions 21.5x14 cm.
365 ## - TRADE PRICE
Price amount ₹150.00
Currency code
Unit of pricing ₹150.00
650 ## - SUBJECT ADDED ENTRY--TOPICAL TERM
Topical term or geographic name entry element Konkani Drama
9 (RLIN) 265660
650 ## - SUBJECT ADDED ENTRY--TOPICAL TERM
Topical term or geographic name entry element A Dolls House
9 (RLIN) 265683
700 ## - ADDED ENTRY--PERSONAL NAME
Personal name Rego, Sylvia
9 (RLIN) 265680
700 ## - ADDED ENTRY--PERSONAL NAME
Personal name ರೇಗೊ ಸಿಲ್ವಿಯಾ tr
9 (RLIN) 265685
942 ## - ADDED ENTRY ELEMENTS (KOHA)
Source of classification or shelving scheme Dewey Decimal Classification
Koha item type Donated Books
Holdings
Withdrawn status Lost status Source of classification or shelving scheme Damaged status Not for loan Collection code Home library Current library Shelving location Date acquired Cost, normal purchase price Total Checkouts Full call number Barcode Date last seen Cost, replacement price Price effective from Koha item type
    Dewey Decimal Classification     Konkani St Aloysius Library St Aloysius Library Stack Section 03/04/2026 150.00   891.462 IBSB D06413 06/15/2026 150.00 06/15/2026 Donated Books